| 000 | 004130000a22001690004500 | ||
|---|---|---|---|
| 003 | MACL | ||
| 005 | 20151229172505.0 | ||
| 008 | 151229b xxu||||| |||| 00| 0 eng d | ||
| 040 |
_aMACL _cMACL |
||
| 041 | _aEnglish | ||
| 082 | _a194.1/JMD | ||
| 100 |
_aDescartes, Rene _924410 |
||
| 245 | _aA Discourse on Method | ||
| 260 | _bJ M Dent & Sons LTD | ||
| 650 |
_aPhilosophy _924411 |
||
| 942 |
_cBK _k194.1/DES _2ddc |
||
| 999 |
_c38582 _d38582 |
||